| 000 | 01950nam a22006017a 4500 | ||
|---|---|---|---|
| 003 | OSt | ||
| 005 | 20260505115840.0 | ||
| 007 | ta | ||
| 008 | 260505s2025 ag ||||| |||| 00| 0 spa d | ||
| 020 | _a9789877453461 | ||
| 040 | _ccj catamarca | ||
| 082 | _a342.7 F274 | ||
| 100 | 1 | 0 |
_9325 _aFavier Dubois, Eduardo M. _edir. |
| 245 | 1 | 0 |
_aProteccion legal de los mayores: _bAcciones y defensas judiciales |
| 250 | _a1º ed. | ||
| 260 |
_aBuenos Aires: _bAd-Hoc, _c2025 |
||
| 300 |
_a702 p. _c23 cm |
||
| 490 |
_aDerecho y longevidad _v2 |
||
| 500 | _aINVENTARIO Nº 8168 | ||
| 650 | 7 | _2SAIJ | |
| 653 | _aDERECHO CONSTITUCIONAL | ||
| 653 | _aADULTOS MAYORES-PROTECCION | ||
| 653 | _aVEJEZ-DERECHO | ||
| 653 | _aADULTO MAYOR-CIDH | ||
| 653 | _aDISCRIMINACION-TRABAJO-EDAD | ||
| 653 | _aJUBILACION FORZOSA | ||
| 653 | _aCASO "COSANI" | ||
| 653 | _aADULTOS MAYORES-CAPACIDAD | ||
| 653 | _aCONFLICTO FAMILIAR | ||
| 653 | _aCONTACTO-ABUELO-NIETO | ||
| 653 | _aPROTECCION VIVIENDA | ||
| 653 | _aADULTO MAYOR-VIOLENCIA | ||
| 653 | _aREVOCACION-TESTAMENTO | ||
| 653 | _aREVOCACION-DESHEREDACION | ||
| 653 | _aREVOCACION-DONACION | ||
| 653 | _aMAYORES-CONTRATO DIGITAL | ||
| 653 | _aADULTO MAYOR-CONSUMIDOR | ||
| 653 | _aADULTO MAYOR-INSOLVENCIA | ||
| 653 | _aADULTO MAYOR-HIPERVULNERABILIDAD | ||
| 653 | _aADULTO MAYOR-DERECHO A LA SALUD | ||
| 653 | _aAMPARO EN SALUD | ||
| 653 | _aPREVISION SOCIAL-DEMANDA | ||
| 653 | _aPREVISION SOCIAL-RECLAMO | ||
| 653 | _aPERSONA MAYOR-INTERNACION | ||
| 653 | _aPERSONA MAYOR-ALOJAMIENTO VOLUNTARIO | ||
| 653 | _aPERSONA MAYOR-RESIDENCIA | ||
| 653 | _aPERSONA MAYOR-INTERNACION FORZADA | ||
| 653 | _aPERSONA MAYOR-INTERNACION DOMICILIARIA | ||
| 653 | _aPERSONA MAYOR-ACCESO A LA JUSTICIA | ||
| 700 | 1 | 0 |
_9326 _aMuntaner, Maria Fernanda L. _ecoord. |
| 856 | _uhttps://drive.google.com/file/d/1iGSVyimYXblhva5sMN3OEkVoFygz4tGB/view?usp=sharing | ||
| 942 |
_2ddc _cBK _n0 |
||
| 999 |
_c6538 _d6538 |
||